000 00358nam a2200157Ia 4500
003 Ost
005 20260225132544.0
008 260225s9999||||xx |||||||||||||| ||und||
040 _cfsic
041 _afre
082 _a440
100 _aCharles Bonn
_eAuteur
245 0 _aLecteure présente de Mohammed Dib /
245 0 _cCharles Bonn
942 _cكتاب
999 _c33720
_d33720